00488nam a2200157 i 450000100060000000300090000600500170001500700030003200800410003510000330007624501030010925000150021226000520022730000300027985200210030985035ES-MaACL20230906175153.0t|041125s1922 fr ||||1| fre d1 aJèze, Gaston (d1869-1953)10aCours de sciencie des finances et de législation financière française / cpar Gaston Jèze. a6éme ed. aParis : b[s.n., c1922] (eLaval : fBarneoud) aXXVIII, 507 p. ; c22 cm. aES-MaACLjB-5197